[Event "Porto-ch fin"]
[Site "Porto"]
[Date "2005.??.??"]
[Round "1"]
[White "Leschenko, Serhiy"]
[Black "Mateus, Francisco"]
[Result "1-0"]
[WhiteElo "2020"]
[BlackElo "1750"]
[PlyCount "105"]
[EventDate "2005.??.??"]
[EventType "swiss"]
[EventRounds "5"]
[EventCountry "POR"]
[SourceTitle "EXT 2007"]
[Source "ChessBase"]
[SourceDate "2006.11.23"]
[SourceVersion "1"]
[SourceVersionDate "2006.11.23"]
[SourceQuality "1"]

1. e4 e5 2. Nf3 Nc6 3. d4 exd4 4. Nxd4 Qh4 5. Nc3 Bb4 6. Qd3 Nf6 7. Nxc6 dxc6 8. Bd2 0-0 9. g3 Qg4 10. f3 Qe6 11. a3 Be7 12. Bg2 Rd8 13. Qe2 Bd7 14. 0-0 Be8 15. Rad1 Bc5+ 16. Be3 Bxe3+ 17. Qxe3 b6 18. Rd3 Rd7 19. Rxd7 Bxd7 20. Rd1 h6 21. Qd3 Rd8 22. f4 Qe7 23. e5 Ne8 24. Qd4 Qe6 25. b3 c5 26. Qd3 c6 27. a4 Nc7 28. Qd6 Qxd6 29. Rxd6 Ne6 30. f5 Nd4 31. Be4 Kf8 32. Kf2 Ke7 33. Ne2 Nxf5 34. Rxd7+ Rxd7 35. Bxf5 Rd5 36. Be4 Rxe5 37. Bxc6 Re6 38. Bd5 Rd6 39. Bc4 a5 40. Ke3 g5 41. g4 Rd1 42. Ng3 Rc1 43. Bd3 Re1+ 44. Kf2 Re6 45. Nf5+ Kf8 46. Bc4 Rf6 47. Ke3 Ke8 48. Ke4 Kf8 49. Ke5 Rg6 50. h3 Kg8 51. Ne7+ Kf8 52. Nxg6+ fxg6 53. Kf6 1-0